Le Misanthrope : la tirade d’Alceste - Statistiques

Statistiques générales
  • Ce quiz a été pris 44 fois
  • Le résultat moyen est 10 sur 15
Statistiques - réponses
Question Réponse % Correct
Question bonus : quelle est la véritable identité de Molière ? Jean-Baptiste Poquelin
100%
Pour le franc scélérat avec qui j’ai procès. Au travers de son masque on voit... À plein le traître ;
83%
Tout le monde en convient, et nul n’y contredit ; Cependant sa grimace est partout... Bien venue ;
83%
Têtebleu ! ce me sont... De mortelles blessures,
83%
Partout il est connu pour tout ce qu’il peut être ; Et ses roulements d’yeux, et son... Ton radouci,
83%
Et les autres, pour être aux méchants complaisants, Et n’avoir pas pour eux ces... Haines vigoureuses
67%
De fuir dans un désert... L’approche des humains.
67%
N’imposent qu’à des gens qui ne sont point d’ici. On sait que ce pied-plat, digne qu’on... Le confonde,
67%
Ne voit pour lui personne : Nommez-le fourbe, infâme, et... Scélérat maudit,
67%
Non, elle est générale, et je hais tous les hommes : Les uns, parce qu’ils... Sont méchants et malfaisants,
67%
De voir qu’avec le vice on garde des mesures ; Et parfois il me prend... Des mouvements soudains
50%
Fait gronder le mérite et rougir la vertu ; Quelques titres honteux qu’en tous lieux on lui donne, Son... Misérable honneur
50%
Par de sales emplois s’est poussé dans le monde, Et que par eux son sort, de... Splendeur revêtu,
50%
Que doit donner le vice aux âmes vertueuses. De cette complaisance on voit... L’injuste excès,
33%
On l’accueille, on lui rit, partout il s’insinue ; Et, s’il est, par la brigue, un rang à disputer, Sur le plus honnête homme... On le voit l’emporter.
33%
Aucun quiz correspondant
Distribution des résultats
% des personnes avec chaque résultat
Percentile par nombre de réponses
Votre historique - résultats
Vous n’avez pas pris ce quiz